Ejercicios de Trigonometría / (Record no. 129456)

MARC details
000 -LEADER
campo de control de longitud fija 00548nam a2200169 i 4500
001 - NÚMERO DE CONTROL
campo de control 129456
003 - IDENTIFICADOR DE NÚMERO DE CONTROL
campo de control ES-MaACL
005 - FECHA Y HORA DE LA ÚLTIMA TRANSACCIÓN
campo de control 20230906193514.0
007 - CAMPO FIJO DE DESCRIPCIÓN FÍSICA--INFORMACIÓN GENERAL
campo de control de longitud fija t|
008 - DATOS DE LONGITUD FIJA--INFORMACIÓN GENERAL
campo de control de longitud fija 070615s1914 sp ||||1| spa d
100 1# - ENTRADA PRINCIPAL--NOMBRE DE PERSONA
Nombre de persona Terry y Rivas, Antonio.
9 (RLIN) 109807
245 10 - MENCIÓN DEL TÍTULO
Título Ejercicios de Trigonometría /
Mención de responsabilidad, etc. por Antonio Terry y Rivas ; cuarta edición corregida y adaptada a los nuevos programas por M. Durán.
260 ## - PUBLICACIÓN, DISTRIBUCIÓN, ETC.
Lugar de publicación, distribución, etc. Madrid :
Nombre del editor, distribuidor, etc. Fortanet,
Fecha de publicación, distribución, etc. 1914.
300 ## - DESCRIPCIÓN FÍSICA
Extensión 233 p. :
Otras características físicas il. ;
Dimensiones 23 cm.
700 1# - ENTRADA AGREGADA--NOMBRE PERSONAL
Nombre de persona Durán, M.
9 (RLIN) 46192
852 ## - LOCALIZACIÓN
Ubicación ES-MaACL
Número de control de estantería F-5674
Holdings
Estatus retirado Estado de pérdida Estado de daño No para préstamo Biblioteca de origen Biblioteca actual Ubicación en estantería Fecha de adquisición Fuente de adquisición Total de préstamos Signatura topográfica completa Código de barras Visto por última vez Precio de reemplazo Tipo de ítem Koha
        Biblioteca del Ateneo de Madrid Biblioteca del Ateneo de Madrid Depósito 2 17/01/2008     F-5674 1134809 23/02/2023 23/02/2023 Libro impreso